[Event "Hillerod Byturnering C"]
[Site "Hillerod"]
[Date "2016.05.10"]
[Round "2"]
[White "Fris, Jesper Scherling"]
[Black "Bagge, Kenny"]
[Result "1-0"]
[WhiteElo "1669"]
[BlackElo "1545"]
[PlyCount "101"]
[EventDate "2016.04.26"]
[EventType "tourn"]
[EventRounds "7"]
[EventCountry "DEN"]
[SourceTitle "EXT 2024"]
[Source "ChessBase"]
[SourceDate "2023.10.10"]
[SourceVersion "1"]
[SourceVersionDate "2023.10.10"]
[SourceQuality "1"]

1. d4 Nf6 2. Bf4 e6 3. Nf3 c5 4. e3 d5 5. c3 Nc6 6. Nbd2 cxd4 7. exd4 Bd6 8. Bxd6 Qxd6 9. Bd3 0-0 10. 0-0 Nd7 11. Re1 e5 12. dxe5 Ndxe5 13. Nxe5 Nxe5 14. Bxh7+ Kxh7 15. Qh5+ Kg8 16. Qxe5 Qb6 17. Nb3 Be6 18. Re3 Rfe8 19. Qd4 Qxd4 20. Nxd4 Bd7 21. Rae1 Rxe3 22. Rxe3 Re8 23. Rxe8+ Bxe8 24. f4 Bd7 25. Kf2 f6 26. h4 Kh7 27. Kf3 g6 28. g4 Kh6 29. a3 g5 30. hxg5+ fxg5 31. f5 Kg7 32. Ke3 Kf6 33. Nf3 Bxf5 34. gxf5 Kxf5 35. Nxg5 Kxg5 36. Kd4 Kf6 37. Kxd5 Ke7 38. b4 Kd7 39. c4 b6 40. b5 Kc7 41. Ke6 Kb7 42. Kd7 Kb8 43. Kc6 Kc8 44. c5 bxc5 45. Kxc5 Kc7 46. a4 Kb7 47. a5 Kc7 48. Kd5 Kd7 49. b6 axb6 50. axb6 Kc8 51. Kc6 1-0